Mots: vêtements (français) 2 - Statistics

General Stats
  • This quiz has been taken 59 times
    58 since last reset
  • The average score is 4 of 8
Answer Stats
Picture Answer % Correct
Manteau
83%
Jupe
81%
Bottes
79%
T-shirt
58%
Sandales
43%
Imperméable
32%
Tuque
17%
Chandail
15%
No matching quizzes found
Score Distribution
Percent of People with Each Score
Percentile by Number Answered
Your Score History
You have not taken this quiz since the last reset